000 01888nam2a2200289 4500
001 rc\3559704
005 20250610072451.0
021 _aRU
_b[84-77704]
035 _a(NLR Aleph) 007796658
090 _a7669696
_c7669696
100 _a20130115d1984 |||y0rusy50 ca
101 0 _arus
_amul
102 _aRU
105 _ay ac 001yy
200 0 _a... в 1979 г.
_fсоставители: В. С. Шидловская [и др.]
_gответственный редактор: М. А. Колтун
210 _d1984
_aБ. м.
215 _a256, [1] с.
320 _aБиблиогр.: с. 217-218 (39 назв.) и в подстроч. примеч.
320 _aУказ. имен и назв. кн., опис. под загл.: в конце кн.
461 0 _1001RU\NLR\BIBL_A\022153858
_12001#$aНаучное предвидение и социально-экономическое прогнозирование$dScientific foreseeing and social-economic forecasting$eуказатель отечественной и зарубежной литературы, опубликованной ...$fГосударственная библиотека СССР имени В. И. Ленина$zeng$v... в 1979 г.
_912900673
_cМосква
_d1981
_fГосударственная библиотека СССР имени В. И. Ленина
_lScientific foreseeing and social-economic forecasting
_nГБЛ
_oуказатель отечественной и зарубежной литературы, опубликованной ...
_tНаучное предвидение и социально-экономическое прогнозирование
_v... в 1979 г.
801 0 _aRU
_bNLR
_gpsbo
801 1 _aRU
_bELAR
_2rusmarc
852 _aNLR
_bС
_jК-2/936
942 _cBOOK
980 _aNB